Les russes chez les russes / (Record no. 160428)
[ view plain ]
| 000 -LEADER | |
|---|---|
| campo de control de longitud fija | 00711nam a22001935i 4500 |
| 001 - NÚMERO DE CONTROL | |
| campo de control | 160428 |
| 003 - IDENTIFICADOR DE NÚMERO DE CONTROL | |
| campo de control | ES-MaACL |
| 005 - FECHA Y HORA DE LA ÚLTIMA TRANSACCIÓN | |
| campo de control | 20251122063132.0 |
| 008 - DATOS DE LONGITUD FIJA--INFORMACIÓN GENERAL | |
| campo de control de longitud fija | 040924s1878 fr |||| | fre d |
| 040 ## - FUENTE DE CATALOGACIÓN | |
| Centro catalogador/agencia de origen | CAM |
| Lengua de catalogación | spa |
| Centro/agencia transcriptor | CAM |
| 100 1# - ENTRADA PRINCIPAL--NOMBRE DE PERSONA | |
| Nombre de persona | Murray, Eustace Clare Grenville, |
| Fechas asociadas al nombre | 1824-1881 |
| 9 (RLIN) | 130298 |
| 245 14 - MENCIÓN DEL TÍTULO | |
| Título | Les russes chez les russes / |
| Mención de responsabilidad, etc. | par E.C. Grenville Murray ; traduit de l'anglais par J. Butler. |
| 260 ## - PUBLICACIÓN, DISTRIBUCIÓN, ETC. | |
| Lugar de publicación, distribución, etc. | Paris : |
| Nombre del editor, distribuidor, etc. | Maurice Dreyfous, éditeur, |
| Fecha de publicación, distribución, etc. | 1878 ( |
| Lugar de fabricación/manufactura | Corbeil : |
| Fabricante | Typ. et stér. de Crété) |
| 300 ## - DESCRIPCIÓN FÍSICA | |
| Extensión | XXVI, 277 p. ; |
| Dimensiones | 19 cm. |
| 651 04 - PUNTO DE ACCESO ADICIONAL DE MATERIA--NOMBRE GEOGRÁFICO | |
| Nombre geográfico | Rusia- |
| Subdivisión general | Descripción. |
| 9 (RLIN) | 9329 |
| 700 1# - ENTRADA AGREGADA--NOMBRE PERSONAL | |
| Nombre de persona | Butler, J. |
| 9 (RLIN) | 126248 |
| 852 ## - LOCALIZACIÓN | |
| Ubicación | ES-MaACL |
| Número de control de estantería | G-7415 |
| Nota libre | -- Enc. pasta española |
| Estatus retirado | Estado de pérdida | Estado de daño | No para préstamo | Colección | Biblioteca de origen | Biblioteca actual | Ubicación en estantería | Fecha de adquisición | Fuente de adquisición | Total de préstamos | Signatura topográfica completa | Código de barras | Visto por última vez | Precio de reemplazo | Tipo de ítem Koha |
|---|---|---|---|---|---|---|---|---|---|---|---|---|---|---|---|
| Libros del s. XIX | Biblioteca del Ateneo de Madrid | Biblioteca del Ateneo de Madrid | Depósito 2 | 17/01/2008 | G-7415 | 1167980 | 23/02/2023 | 23/02/2023 | Libro impreso antiguo |
